| 000 | 00609nam a22002057a 4500 | ||
|---|---|---|---|
| 005 | 20180615155612.0 | ||
| 008 | 180615b xxu||||| |||| 00| 0 eng d | ||
| 010 | _aA-994164 | ||
| 020 |
_a8120721543 _c250.00 |
||
| 035 | _aA-994164 | ||
| 037 | _bBPPD / PUB | ||
| 040 | _adpl | ||
| 082 | _a616 | ||
| 100 | _aPuri,Ajit S. | ||
| 245 |
_aHow to prevent common serious diseases / _cby Ajit S. Puri |
||
| 260 |
_a New Delhi _bSterling Publication _c2000 |
||
| 270 |
_aL-10,Green Park Extension _bNew Delhi _e110 016 |
||
| 300 |
_aX, 300p. _c22cm (pbk) _bill. |
||
| 942 |
_cEN _2ddc _h616 _mPUR |
||
| 999 |
_c152745 _d152745 |
||